| 000 | 00717nam a2200229Ia 4500 | ||
|---|---|---|---|
| 003 | OSt | ||
| 005 | 20200810202516.0 | ||
| 008 | 191128s1963 ck gr 000 0 spa d | ||
| 040 |
_aCO-JMCR _cCO-JMCR |
||
| 041 | 0 | _aspa | |
| 082 | 0 | 4 |
_a368 / _bO771t _223 |
| 100 | 1 |
_aOssa G., J. Efren, _eautor _98548 |
|
| 245 | 0 | _aTratado elemental de seguros / | |
| 250 | _aSegunda edición | ||
| 260 |
_aBogotá : _bLerner, _c1963. |
||
| 300 |
_alxxxxvi, 575 páginas ; _c28 cm. |
||
| 505 | 0 | _aAspecto técnico económico y político del seguro -- Aspecto jurídico del seguro -- Seguros | |
| 650 | 2 | 4 |
_aSegros terrestres _98549 |
| 650 | 2 | 4 |
_aSeguros marítimos _98550 |
| 650 | 2 | 4 |
_aSeguros aéreos _98551 |
| 942 |
_2ddc _cBK |
||
| 999 |
_c5986 _d5986 |
||